Лексичний аналіз політичного дискурсу Державного секретаря США Гіларі Клінтон (Запис № 284991)

МАРК-запис
000 -LEADER
fixed length control field 01812nam a22001577a 4500
041 ## - LANGUAGE CODE
Language code of text/sound track or separate title ukr
080 ## - UNIVERSAL DECIMAL CLASSIFICATION NUMBER
Universal Decimal Classification number 09
090 ## - LOCALLY ASSIGNED LC-TYPE CALL NUMBER (OCLC); LOCAL CALL NUMBER (OCLC)
Local cutter number (OCLC) ; Book number/undivided call number, CALL (RLIN) МАР
100 ## - MAIN ENTRY--PERSONAL NAME
Personal name Марковська О. Я.
245 ## - TITLE STATEMENT
Title Лексичний аналіз політичного дискурсу Державного секретаря США Гіларі Клінтон
260 ## - PUBLICATION, DISTRIBUTION, ETC. (IMPRINT)
Place of publication, distribution, etc Острог
Name of publisher, distributor, etc КАФ
Date of publication, distribution, etc 2012
300 ## - PHYSICAL DESCRIPTION
Extent 60
520 ## - SUMMARY, ETC.
Summary, etc РОЗДІЛ 1 ПОЛІТИЧНА ПРОМОВА ЯК РІЗНОВИД ПОЛІТИЧНОГО ДИСКУРСУ<br/>1.1 Поняття "політичний дискурс"<br/>1.2 Характеристики політичного дискурсу<br/>1.3 Політична промова як елемент політичного дискурсу<br/>1.4 Лексико-стилістичні ознаки політичних промов<br/>РОЗДІЛ 2 ЛЕКСИКО-СТИЛІСТИЧНИЙ АНАЛІЗ ПОЛІТИЧНОГО ДИСКУРСУ ДЕРЖАВНОГО СЕКРЕТАРЯ США ГІЛАРІ КЛІНТОН<br/>2.1 Ліберальна лексика<br/>2.2 Лексичні засоби політичного дискурсу Державного секретаря США Гіларі Клінтон<br/>2.2.1 Політична термінологія<br/>2.2.2 Економічна термінологія<br/>2.2.3 Суспільна термінологія<br/>2.2.4 Ідіоматичні вирази<br/>2.3 Стилістичні засоби політичного дискурсу Гіларі Клінтон<br/>2.3.1 Стилістичне використання метафор у промовах Гіларі Клінтон<br/>2.3.2 Лексико-синтаксичні засоби у промовах Гіларі Клінтон
-- промова, дискурс
650 ## - SUBJECT ADDED ENTRY--TOPICAL TERM
Topical term or geographic name as entry element Research Papers
942 ## - ADDED ENTRY ELEMENTS (KOHA)
Koha item type Книги
Фонди
Withdrawn status Lost status Source of classification or shelving scheme Damaged status Not for loan Home library Current library Date acquired Source of acquisition Cost, normal purchase price Total Checkouts Full call number Barcode Date last seen Price effective from Koha item type
    Universal Decimal Classification     ВІЛ - Відділ іноземн. літератури НБ ВІЛ - Відділ іноземн. літератури НБ 18/09/2012 Акт №5 1.00   09 215049 09/11/2021 18/09/2012 Книги